000 00563cam a22002053a 4500
001 44648
003 PGUSA
005 20140828084023.0
008 140112s2014||||xxu|||||s|||||000 | eng d
040 _aPGUSA
_beng
042 _adc
100 1 _aLacock, John Kennedy
245 1 0 _aBraddock Road
_h[electronic resource] /
_cJohn Kennedy Lacock
260 _bProject Gutenberg,
_c2014
506 _aPublic domain in the USA.
516 _aElectronic text
830 0 _aProject Gutenberg
_v44648
856 4 0 _uhttp://www.gutenberg.org/ebooks/44648
942 _cEB
999 _c273899
_d273899